| 000 | 00737nas a2200241Ia 4500 | ||
|---|---|---|---|
| 001 | R053/C6819 | ||
| 003 | IT-RoPAU | ||
| 008 | 151124c99999999xx |||||||||||| ||und|| | ||
| 040 | _aIT-RoPAU | ||
| 040 | _cIT-RoPAU | ||
| 041 | _aITALIANO | ||
| 100 |
_aGandini Leonardo _gCodice Aut. SPICS: 21334 |
||
| 210 | _aCINEGRAFIE | ||
| 222 | _aCinegrafie | ||
| 245 |
_aCINEGRAFIE, ANNO 03-N.06 (NOVEMBRE 1993) _bAscolto Il Tuo Cuore, Citta'... |
||
| 250 | _a1a ed. | ||
| 260 |
_aANCONA _bTRANSEUROPA _c1993 |
||
| 501 |
_bPaulus - SPICS - Società San Paolo EM (non-commercial uses only) _cCopyright2015 |
||
| 300 | _a5 p. [85-89] | ||
| 362 | _aANNO 003, N.06 (NOVEMBRE 1993) | ||
| 650 |
_aCINEMA _vPUBBLICAZIONE PERIODICA |
||
| 942 | _cCR | ||
| 999 |
_c113956 _d113956 |
||